| 000 | 01266cam a22003497a 4500 | ||
|---|---|---|---|
| 003 | CHAP | ||
| 005 | 20220329142440.0 | ||
| 008 | 010227d2001 mx r 00110 spa d | ||
| 010 | _a83643 | ||
| 011 | _a84615 | ||
| 035 | _a95140 | ||
| 040 | _cCHAP | ||
| 090 | _aTesis | ||
| 100 | 0 | 0 |
_aArgueta Spínola, Jorge Antonio. _97020 |
| 245 | 1 | 0 |
_aEvaluación de la productividad agrícola antes y después de la transferencia en el Distrito de Riego 011 _c/por Jorge Antonio Argueta Spínola. |
| 260 |
_aChapingo, Méx. : _bEl autor, _c2001. |
||
| 300 |
_a76 h. : _bgráfs.; tablas. |
||
| 502 | _aTesis (Ing. Agr. Esp. en Irrigación) -- UACH. Departamento de Irrigación. | ||
| 590 |
_aALEPH _b10 _c20130110 _lUCH01 _h1441 |
||
| 590 |
_aBATCH-UPD _b10 _c20130110 _lUCH01 _h1955 |
||
| 590 |
_aBATCH-UPD _b10 _c20130410 _lUCH01 _h1316 |
||
| 590 |
_aBATCH-UPD _b10 _c20130914 _lUCH01 _h1122 |
||
| 590 |
_aCONVERSION _b10 _c20130109 _lUCH01 _h1346 |
||
| 650 | 1 | 4 |
_aCultivos _xRendimiento. _930318 |
| 650 | 1 | 4 |
_aDistrito de Riego Alto Río Lerma, Gto. y Mich. _932841 |
| 650 | 1 | 4 |
_aEvaluación. _938913 |
| 901 | _aBK | ||
| 905 | _aEdna Luz | ||
| 942 | _cFOLL | ||
| 949 |
_bBC _cTES _d33724000818514 _eTS2 _fc.2 _h37908 _i95140 _sb |
||
| 949 |
_bBC _cTES _d951401 _eTS1 _h37907 _i95140 _sb |
||
| 999 |
_c83643 _d83643 |
||